川崎製鉄二十五年史

Gardado en:
Detalles Bibliográficos
Autor Corporativo: 川崎製鉄株式会社社史編集委員会
Formato: Libro
Idioma:Undetermined
Publicado: 神戸 川崎製鉄 1976
Những chủ đề:
Các nhãn: Engadir etiqueta
Sen Etiquetas, Sexa o primeiro en etiquetar este rexistro!
Thư viện lưu trữ: Trung tâm Học liệu Trường Đại học Cần Thơ
LEADER 00545nam a2200193Ia 4500
001 CTU_95603
008 210402s9999 xx 000 0 und d
082 |a 338.8 
082 |b K22 
110 |a 川崎製鉄株式会社社史編集委員会 
245 0 |a 川崎製鉄二十五年史 
245 0 |c 川崎製鉄株式会社社史編集委員会 
260 |a 神戸 
260 |b 川崎製鉄 
260 |c 1976 
650 |a Corporations 
650 |z Japan 
904 |i Ngoc,Hải 
980 |a Trung tâm Học liệu Trường Đại học Cần Thơ